Statystyki dla Kraje najbliżej Sycylii - Minutowy sprint

Kliknij tutaj aby rozwiązać quiz!

Ogólne statystyki

  • Ten quiz został rozwiązany 25 razy
  • Średni wynik to 15 z 20

Statystyki odpowiedzi

kmkraj% Poprawnych
463Francja
100%
81Malta
84%
394Albania
80%
366Grecja
80%
415Watykan
80%
214Algieria
76%
738Hiszpania
76%
642Serbia
76%
504Chorwacja
72%
581Kosowo
72%
445Libia
72%
634San Marino
72%
792Słowenia
72%
71Tunezja
72%
530Bośnia i
Hercegowina
68%
527Macedonia
Północna
68%
710Bułgaria
64%
506Czarnogóra
64%
760Monako
56%
852Węgry
48%

Rozkład punktacji

Percentyl według liczby udzielonych odpowiedzi

Procent ludzi z każdym wynikiem

Twoja historia wyników

Nie rozwiązałeś tego quizu